000 00442nam a2200169 a 4500
001 0000-8761
003 ELIB.Books
008 110520 2000
035 _a(ELIB.Books)0000-8907
082 _a225
_bStr
100 _aStrecker, Georg
245 _aTheology of the New Testament
260 _bLouisville: Westminster John Knox Press
_c2000
650 _aNew Testament
942 _2ddc
_cBK
998 _cbat
_e2011-05-20
999 _c8761
_d8761